000 00515nam a2200181Ia 4500
001 20272
005 20260306172754.0
008 260306t2010||||xx |||||||||||||| ||spa||
041 _aESP
082 _a343.1
_bF43A
100 _aFerrer Mac-Gregor, Eduardo
_eAUT
245 0 _aConstitución, derecho y proceso:
_bestudios en homenaje a Héctor Fix-Zamudio en sus cincuenta años como investigador del derecho
260 _c2010
300 _a
_c
650 _aGEN
654 _aCDE
942 _cLIB
_dJUS
_fJUS
_2ddc
_n
999 _c20272
_d20272